000 00909nam a2200265Ia 4500
003 OSt
005 20220923211036.0
006 a|||||r|||| 00| 0
007 ta
008 220922b |||||||| |||| 00| 0 hin d
020 _a8172012047 (hbk)
024 _a248,419
037 _cTextual
040 _aARTS
_cARTS
_bhin
041 _2hin
_ahin
082 _aO111,3N37,1, 152N2
100 _aदेसाई, अनिता; जयव्रत, अनु.
_9157505
245 0 _aसुलगता पर्वत
246 _aSulagatā parvata
260 _aनयी दिल्ली
_b साहित्य अकादमी
_c1992
300 _a136पृ.
_ccm.
650 _aअंग्रेजी साहित्य
_9156276
942 _hO111,3N37,1, 152N2
_cTEXL
_2CC
999 _c294399
_d294399